| 000 | 00420nam a22001697a 4500 | ||
|---|---|---|---|
| 005 | 20230831112656.0 | ||
| 008 | 230831b |||||||| |||| 00| 0 eng d | ||
| 020 | _a8178086298 | ||
| 082 |
_a621.374 _bGON-D |
||
| 100 | _aGonzalez,Rafeal C | ||
| 245 | _aDigital Image Processing | ||
| 260 |
_aIndia: _bPearson, _c2002. |
||
| 300 | _a793 pages: | ||
| 500 | _aInclude Index. | ||
| 650 | _aImage Processing | ||
| 999 |
_c33346 _d33346 |
||